[Event "Open Master"]
[Site "Montpellier"]
[Date "1999.??.??"]
[Round "3"]
[White "Degraeve, Jean-Marc"]
[Black "Touzane, Olivier"]
[Result "1-0"]
[WhiteElo "2542"]
[BlackElo "2348"]
[PlyCount "51"]
[EventDate "1999.07.??"]

1. e4 d6 2. d4 Nf6 3. Nc3 g6 4. g3 Bg7 5. Bg2 O-O 6. h3 e5 7. Nge2 exd4 8. Nxd4
Nbd7 9. O-O Re8 10. Re1 c6 11. a4 a5 12. Nb3 Qc7 13. Bf4 Ne5 14. Qe2 b6 15.
Rad1 Ba6 16. Qd2 Rad8 17. Bg5 Nc4 18. Qf4 Qe7 19. Bf1 {Ca va pas ca!} 19... h6
20. Bxh6 Nh5 21. Qc1 Bxh6 22. Qxh6 d5 23. Nd4 Qb4 24. Nxc6 Qxb2 25. Nxd5 25...
Rd7 {} 26. Nce7+ 1-0

[Event "Open Master"]
[Site "Montpellier"]
[Date "1999.??.??"]
[Round "3"]
[White "Derieux, Christian"]
[Black "Beikert, Guenther"]
[Result "0-1"]
[WhiteElo "2285"]
[BlackElo "2440"]
[PlyCount "72"]
[EventDate "1999.07.??"]

1. d4 d5 2. c4 c6 3. Nf3 Nf6 4. Nc3 e6 5. cxd5 exd5 6. Bg5 h6 7. Bh4 Bf5 8. e3
Nbd7 9. Bd3 Bxd3 10. Qxd3 Be7 11. Nd2 O-O 12. f3 Re8 13. O-O-O b5 14. Kb1 b4
15. Ne2 c5 16. dxc5 Nxc5 17. Qf5 Qb6 18. Nd4 g6 19. Qc2 Rac8 20. N2b3 Nce4 21.
Qd3 Nd6 22. Bf2 Bf8 23. g4 a5 24. Rc1 Nc4 25. Nd2 Qa6 26. Ka1 a4 27. e4 dxe4
28. fxe4 Nxg4 29. Bg3 Red8 30. Nxc4 Bc5 31. Ne5 Qxd3 32. Nxd3 Bxd4 33. Nxb4 a3
34. Nd3 Rxc1+ 35. Rxc1 Bg7 36. Rd1 Ne3 0-1

[Event "Open Master"]
[Site "Montpellier"]
[Date "1999.??.??"]
[Round "3"]
[White "Etchegaray, Patrice"]
[Black "Lupu, Mircea-Sergiu"]
[Result "1/2-1/2"]
[WhiteElo "2371"]
[BlackElo "2489"]
[PlyCount "111"]
[EventDate "1999.07.??"]

1. e4 c5 2. c3 d5 3. exd5 Qxd5 4. d4 e6 5. Nf3 Nf6 6. Bd3 Qd8 7. O-O Nbd7 8.
Qe2 Be7 9. Rd1 O-O 10. dxc5 Bxc5 11. Nbd2 Be7 12. Ne4 Qc7 13. Bg5 Nd5 14. Bxe7
Nxe7 15. Neg5 h6 16. Ne4 Nd5 17. Bc2 b6 18. c4 Ba6 19. Bd3 Nf4 20. Qe3 Nxd3 21.
Rxd3 Ne5 22. Nf6+ gxf6 23. Nxe5 Kg7 24. Qg3+ Kh7 25. Nd7 Qxg3 26. Nxf8+ Rxf8
27. hxg3 Bxc4 28. Rd7 a5 29. b3 Bd5 30. Rc1 Kg6 31. f3 a4 32. bxa4 Ra8 33. Rcc7
Rxa4 34. Rxf7 Kf5 35. Rc2 Bxa2 36. Rb2 Bd5 37. Rxb6 Ra1+ 38. Kh2 Ra2 39. Rb4 e5
40. g4+ Kg6 41. Rf8 Bxf3 42. Rb6 Bxg2 43. Rbxf6+ Kg5 44. Rf2 Rxf2 45. Rxf2 Bd5
46. Kg3 Be6 47. Rf8 h5 48. gxh5 Kxh5 49. Re8 Bf5 50. Rxe5 Kg5 51. Ra5 Kf6 52.
Kf4 Bd3 53. Rd5 Bc2 54. Rd6+ Kf7 55. Ke5 Bb3 56. Rb6 1/2-1/2

[Event "Open Master"]
[Site "Montpellier"]
[Date "1999.??.??"]
[Round "3"]
[White "Flear, Glenn"]
[Black "Bergez, Luc"]
[Result "1/2-1/2"]
[WhiteElo "2555"]
[BlackElo "2373"]
[PlyCount "83"]
[EventDate "1999.07.??"]

1. d4 d5 2. c4 c6 3. e3 Nf6 4. Nc3 e6 5. Bd2 Nbd7 6. Qc2 Be7 7. Nf3 O-O 8. Rd1
Re8 9. Be2 a6 10. O-O dxc4 11. Bxc4 b5 12. Be2 c5 13. dxc5 Bxc5 14. Ne4 Nxe4
15. Qxe4 Rb8 16. Bc3 Bb7 17. Qg4 f6 18. Nd4 Bxd4 19. Rxd4 Qc7 20. Rfd1 Ne5 21.
Qg3 Bd5 22. R4d2 22... Rec8 {} 23. Bxe5 Qxe5 24. Qxe5 fxe5 25. f3 e4 26. b3
Rc3 27. fxe4 Bxe4 28. Kf2 Rf8+ 29. Bf3 Bxf3 30. gxf3 Rc5 31. e4 a5 32. Ke3 a4
33. bxa4 bxa4 34. Rd8 Rxd8 35. Rxd8+ Kf7 36. Ra8 Rc3+ 37. Kf4 Ra3 38. Ke5 Rxa2
39. f4 g5 40. fxg5 Rxh2 41. Rxa4 Kg6 42. Kxe6 1/2-1/2

[Event "Open Master"]
[Site "Montpellier"]
[Date "1999.??.??"]
[Round "3"]
[White "Handke, Florian"]
[Black "Rotstein, Arkadij"]
[Result "1-0"]
[WhiteElo "2361"]
[BlackElo "2460"]
[PlyCount "61"]
[EventDate "1999.07.??"]

1. d4 Nf6 2. c4 c5 3. d5 e5 4. Nc3 d6 5. e4 Nbd7 6. h3 h5 7. f4 g6 8. Nf3 Bh6
9. fxe5 Bxc1 10. Qxc1 Nxe5 11. Nxe5 dxe5 12. Be2 O-O 13. Qe3 b6 14. g4 h4 15.
g5 Ne8 16. d6 Qxd6 17. Rd1 Qc6 18. Nd5 Kg7 19. Qc3 Qd6 20. Rf1 Nc7 21. Rf6 Ne6
22. Bg4 22... Qb8 {} 23. Bxe6 Bxe6 24. Nf4 Bc8 25. Rdd6 Re8 26. Nxg6 Qb7 27.
Qf3 Be6 28. Nxe5 Bxc4 29. Rd7 Qxd7 30. Nxd7 Bd5 31. Rf4 1-0

[Event "Open Master"]
[Site "Montpellier"]
[Date "1999.??.??"]
[Round "3"]
[White "Hamdouchi, Hichem"]
[Black "Sarthou, Gaetan"]
[Result "1-0"]
[WhiteElo "2520"]
[BlackElo "2290"]
[PlyCount "79"]
[EventDate "1999.07.??"]

1. e4 c5 2. Nf3 Nc6 3. Nc3 Nf6 4. d4 cxd4 5. Nxd4 e5 6. Ndb5 d6 7. Bg5 a6 8.
Na3 b5 9. Bxf6 gxf6 10. Nd5 Bg7 11. Bd3 Ne7 12. Nxe7 Qxe7 13. c3 f5 14. Nc2 Bb7
15. Ne3 fxe4 16. Nf5 Qf6 17. Bxe4 d5 18. Bxd5 Rd8 19. Qg4 Rxd5 20. Nxg7+ Kf8
21. Nh5 Qg6 22. Qxg6 hxg6 23. Ng3 Kg7 24. O-O Rd2 25. Rfb1 Rh4 26. Nf1 Re2 27.
g3 Ra4 28. a3 Be4 29. b3 Rxa3 30. Rxa3 Bxb1 31. Rxa6 Bf5 32. Ra1 Be6 33. Ne3
Bxb3 34. Rb1 Ba4 35. g4 Rd2 36. Ra1 f6 37. h4 Bb3 38. Ra7+ Kh6 39. f3 {} 39...
Re2 $2 40. g5+ 1-0

[Event "Open Master"]
[Site "Montpellier"]
[Date "1999.??.??"]
[Round "3"]
[White "Laclau, Daniel"]
[Black "Bauer, Christian"]
[Result "0-1"]
[WhiteElo "2302"]
[BlackElo "2480"]
[PlyCount "44"]
[EventDate "1999.07.??"]

1. d4 Nf6 2. c4 e6 3. Nc3 Bb4 4. Qc2 c5 5. dxc5 Na6 6. a3 Bxc3+ 7. Qxc3 Nxc5 8.
b4 Nce4 9. Qd4 d5 10. e3 O-O 11. Bb2 e5 12. Qd1 Ng4 13. Nh3 Qh4 14. Qe2 dxc4
15. g3 Qh6 16. Qxc4 Bf5 17. Qe2 Ngf6 18. Ng1 Rfd8 19. Rd1 Bg4 20. f3 Nxg3 21.
hxg3 Qxh1 22. Kf2 Ne4+ 0-1

[Event "Open Master"]
[Site "Montpellier"]
[Date "1999.??.??"]
[Round "3"]
[White "Lezcano, Pedro"]
[Black "Magerramov, Elmar"]
[Result "1/2-1/2"]
[WhiteElo "2399"]
[BlackElo "2567"]
[PlyCount "50"]
[EventDate "1999.07.??"]

1. Nf3 Nf6 2. c4 c5 3. g3 e6 4. Bg2 Nc6 5. O-O Be7 6. b3 d5 7. e3 O-O 8. Qe2 a5
9. Nc3 d4 10. Nb5 d3 11. Qd1 a4 12. Bb2 axb3 13. axb3 Ra6 14. Qb1 Qd7 15. Rd1
Rd8 16. Bf1 e5 17. Nxe5 Nxe5 18. Bxe5 Ng4 19. Bc7 Qf5 20. f4 Rg6 21. Bxd8 Nxh2
22. Qxd3 Rxg3+ 23. Kxh2 Qg4 24. Bxe7 Rh3+ 25. Bxh3 Qxh3+ 1/2-1/2

[Event "Open Master"]
[Site "Montpellier"]
[Date "1999.??.??"]
[Round "3"]
[White "Marcelin, Cyril"]
[Black "Dijoux, Frederic"]
[Result "1/2-1/2"]
[WhiteElo "2395"]
[BlackElo "2120"]
[PlyCount "72"]
[EventDate "1999.07.??"]

1. e4 e6 2. d4 d5 3. Nd2 Nf6 4. e5 Nfd7 5. Bd3 c5 6. c3 Nc6 7. Ngf3 g6 8. O-O
Bg7 9. Re1 Qb6 10. dxc5 Nxc5 11. Nb3 Nxb3 12. axb3 O-O 13. Ra4 f6 14. exf6 Rxf6
15. Bg5 Rf7 16. Be3 Qd8 17. Ng5 {} 17... Rf6 18. Nxh7 Kxh7 19. Bg5 Ne7 20. h4
Bd7 21. Rb4 a5 22. Bxf6 Bxf6 23. Rxb7 Kg8 24. Qg4 Qc8 25. Rxd7 Qxd7 26. Bxg6
Nxg6 27. h5 Ra6 28. Qxg6+ Qg7 29. Qe8+ Qf8 30. Qd7 Rd6 31. Qa4 Bd8 32. Re3 Bb6
33. Rg3+ Kh7 34. Rf3 Qe7 35. Qg4 e5 36. Qf5+ Kh8 1/2-1/2

[Event "Open Master"]
[Site "Montpellier"]
[Date "1999.??.??"]
[Round "3"]
[White "Nezar, Mustapha"]
[Black "Rainfray, Arnaud"]
[Result "1-0"]
[WhiteElo "2296"]
[BlackElo "2422"]
[PlyCount "71"]
[EventDate "1999.07.??"]

1. e4 c5 2. Nf3 Nc6 3. d4 cxd4 4. Nxd4 Nf6 5. Nc3 e5 6. Ndb5 d6 7. Nd5 Nxd5 8.
exd5 Ne7 9. c4 Ng6 10. Qa4 Bd7 11. Qb4 Qb8 12. Be3 b6 13. a4 f5 14. a5 a6 15.
Nc3 bxa5 16. Qxb8+ Rxb8 17. Bc1 Be7 18. Rxa5 Rb6 19. Na4 Rb4 20. Nc3 Kf7 21.
Rxa6 Rhb8 22. f3 Bc8 23. Ra7 Kf8 24. Kd1 h6 25. Nb5 Bd8 26. Nxd6 Bb6 27. Nxc8
Rxc8 28. Rb7 Bc5 29. Rxb4 Bxb4 30. Bd2 Bc5 31. Bc3 e4 32. fxe4 fxe4 33. Be2 Kg8
34. Rf1 Ba7 35. Bh5 Nh4 36. Rf7 1-0

[Event "Open Master"]
[Site "Montpellier"]
[Date "1999.??.??"]
[Round "3"]
[White "Rausis, Igors"]
[Black "Milliet, Sophie"]
[Result "1-0"]
[WhiteElo "2496"]
[BlackElo "1920"]
[PlyCount "93"]
[EventDate "1999.07.??"]

1. e4 e5 2. Nf3 Nf6 3. Nc3 Bb4 4. d3 Nc6 5. g3 d6 6. Bg2 O-O 7. O-O Bxc3 8.
bxc3 d5 9. exd5 Nxd5 10. c4 Nde7 11. Ng5 Bf5 12. Rb1 Rb8 13. f4 exf4 14. Bxf4
Qd7 15. Rf2 b6 16. Qd2 Rbd8 17. Rbf1 Nd4 18. c3 Ne6 19. d4 Nxf4 20. Rxf4 h6 21.
Ne4 Bg6 22. Nf2 Nc8 23. Ng4 f6 24. Bd5+ Kh7 25. Ne5 Qe8 26. Nxg6 Qxg6 27. Be4
f5 28. Bxf5 Rxf5 29. Rxf5 Nd6 30. Rf8 Rxf8 31. Rxf8 Nxc4 32. Qf2 Nd6 33. Kg2 a5
34. Qe2 b5 35. Rf3 Nf5 36. Qe4 Nd6 37. Qxg6+ Kxg6 38. Re3 Kf6 39. Re5 a4 40.
Kf3 g6 41. g4 g5 42. Rc5 Ke7 43. Rxc7+ Ke6 44. Rc5 Kf6 45. Re5 Kf7 46. d5 Nc4
47. Re6 1-0

[Event "Open Master"]
[Site "Montpellier"]
[Date "1999.??.??"]
[Round "3"]
[White "Relange, Eloi"]
[Black "Daurelle, Herve"]
[Result "1/2-1/2"]
[WhiteElo "2478"]
[BlackElo "2221"]
[PlyCount "109"]
[EventDate "1999.07.??"]

1. d4 d5 2. c4 e6 3. Nf3 c5 4. cxd5 exd5 5. Nc3 Nc6 6. g3 Nf6 7. Bg2 Be7 8. O-O
O-O 9. Bg5 cxd4 10. Nxd4 h6 11. Be3 Re8 12. Rc1 Bf8 13. Nxc6 bxc6 14. Na4 Bd7
15. Bc5 Bxc5 16. Nxc5 Bg4 17. Re1 Qa5 18. h3 Bf5 19. Qd4 Rab8 20. a3 Qb5 21. b3
a5 22. e3 Ne4 23. g4 Bg6 24. Bxe4 Bxe4 25. Rc3 Qb6 26. Rf1 Qd8 27. f3 Bg6 28.
Kg2 h5 29. gxh5 Bxh5 30. Kf2 Qc8 31. Rg1 g6 32. Qf6 Qxh3 33. Rcc1 Rb5 34. Rh1
Qxh1 35. Rxh1 Rxc5 36. Qb2 d4 37. Qxd4 Rc2+ 38. Kg3 Re2 39. Kf4 39... R2xe3 {}
40. Rh3 Rxb3 41. Kg5 Kh7 42. Kf6 Rb7 43. Rxh5+ gxh5 44. a4 Re6+ 45. Kf5 Rbe7
46. f4 h4 47. Kg4 Rg6+ 48. Kh3 Re3+ 49. Kh2 Re2+ 50. Kh1 h3 51. Qd7 Kg7 52.
Qd4+ Kh7 53. Qd7 Re1+ 54. Kh2 Re2+ 55. Kh1 1/2-1/2

[Event "Open Master"]
[Site "Montpellier"]
[Date "1999.??.??"]
[Round "3"]
[White "Solakian, Jerome"]
[Black "Santo-Roman, Marc"]
[Result "1/2-1/2"]
[WhiteElo "2240"]
[BlackElo "2400"]
[PlyCount "93"]
[EventDate "1999.07.??"]

1. Nc3 c5 2. Nf3 d5 3. d4 Nc6 4. dxc5 d4 5. Ne4 Qd5 6. Ned2 e5 7. Nb3 a5 8. a4
Bf5 9. e3 Bxc5 10. exd4 exd4 11. Bd3 Nge7 12. O-O O-O 13. Bf4 Bb6 14. Nbd2 Rac8
15. Re1 Rfe8 16. Bc4 Qd7 17. Bb5 Ng6 18. Nc4 Bc5 19. Nfe5 Qd5 20. Ne3 Qe4 21.
Nxf5 Qxf4 22. Nxc6 bxc6 23. Rxe8+ Rxe8 24. Bd3 Bb4 25. Qf3 Qxf3 26. gxf3 c5 27.
Nd6 Re6 28. Nc4 Nf4 29. Rc1 Nxd3 30. cxd3 Kf8 31. Kg2 Rg6+ 32. Kf1 Rh6 33. Kg2
Re6 34. f4 Ke7 35. Kf3 Rh6 36. Kg3 Rg6+ 37. Kf3 Rh6 38. Kg3 Re6 39. Kf3 Kf6 40.
Rg1 h6 41. h4 g6 42. Rh1 Kf5 43. Rf1 Rf6 44. Rg1 Ke6 45. Kg3 Rf5 46. Rc1 Rf6
47. Rc2 1/2-1/2

[Event "Open Master"]
[Site "Montpellier"]
[Date "1999.??.??"]
[Round "4"]
[White "Abolianin, Arthur"]
[Black "Relange, Eloi"]
[Result "0-1"]
[WhiteElo "2252"]
[BlackElo "2452"]
[PlyCount "84"]
[EventDate "1999.07.??"]

1. d4 Nf6 2. c4 g6 3. f3 e5 4. Bg5 h6 5. Bh4 exd4 6. Qxd4 g5 7. Bf2 Nc6 8. Qd2
d5 9. cxd5 Nxd5 10. e4 Bb4 11. Nc3 Nxc3 12. bxc3 Qxd2+ 13. Kxd2 Be7 14. Bb5 Bd7
15. Ne2 O-O-O 16. Bd4 Rhe8 17. Rad1 a6 18. Bxc6 Bxc6 19. Ke3 Ba4 20. Rd2 g4 21.
Ng3 c5 22. Be5 Rxd2 23. Kxd2 gxf3 24. gxf3 Bg5+ 25. f4 Rxe5 26. fxg5 hxg5 27.
Rf1 Be8 28. Ke3 Kd7 29. Nf5 f6 30. Rd1+ Kc7 31. Rf1 Bc6 32. Ng3 Re6 33. a3 Kb6
34. Rf5 Kb5 35. Kd3 b6 36. c4+ Ka4 37. Kc3 Bxe4 38. Nxe4 Rxe4 39. Rxf6 Re3+ 40.
Kd2 Rb3 41. Rg6 Kxa3 42. Rxg5 Kb4 0-1

[Event "Open Master"]
[Site "Montpellier"]
[Date "1999.??.??"]
[Round "4"]
[White "Bauer, Christian"]
[Black "Solakian, Jerome"]
[Result "0-1"]
[WhiteElo "2480"]
[BlackElo "2242"]
[PlyCount "80"]
[EventDate "1999.07.??"]

1. d4 Nf6 2. Nf3 d5 3. c4 c6 4. Nc3 e6 5. g3 Nbd7 6. Bg2 dxc4 7. O-O Be7 8. a4
Qa5 9. Bd2 Bb4 10. e4 e5 11. d5 O-O 12. Qe2 Re8 13. Rfd1 Nb6 14. Bg5 Nfd7 15.
Nd2 Bxc3 16. bxc3 Nc5 17. Be3 Ncxa4 18. Bxb6 axb6 19. Qxc4 b5 20. Qb4 Bg4 21.
Rdc1 Qxb4 22. cxb4 Nc3 23. Kf1 Ne2 24. Re1 Nd4 25. f3 Bd7 26. Rab1 Ra3 27. Rb2
Rea8 28. f4 f6 29. Kf2 R8a4 30. Nf3 Nxf3 31. Bxf3 Ra2 32. Ree2 Rxb2 33. Rxb2
Kf7 34. Bd1 Ra3 35. Rd2 Ke7 36. d6+ Kd8 37. h4 Be6 38. fxe5 fxe5 39. Bc2 Kd7
40. Kg2 Ra2 0-1

[Event "Open Master"]
[Site "Montpellier"]
[Date "1999.??.??"]
[Round "4"]
[White "Beikert, Guenther"]
[Black "Hamdouchi, Hichem"]
[Result "0-1"]
[WhiteElo "2446"]
[BlackElo "2520"]
[PlyCount "66"]
[EventDate "1999.07.??"]

1. g3 g6 2. Bg2 Bg7 3. e4 d6 4. Ne2 c5 5. c3 Nf6 6. d4 O-O 7. dxc5 dxc5 8. O-O
Qc7 9. Nd2 Rd8 10. Nf4 Bg4 11. Qe1 Nc6 12. h3 Bd7 13. Nf3 e5 14. Nd5 Nxd5 15.
exd5 Ne7 16. c4 Nf5 17. b4 Re8 18. Rb1 e4 19. Ng5 e3 20. fxe3 {} 20... Nxe3 $1
21. Qf2 Bf5 22. Rb3 Nxf1 23. bxc5 Nxg3 24. d6 Ne2+ 25. Kh2 Qa5 26. Nxf7 Nxc1
27. Bd5 Kf8 28. Ng5 Be5+ 29. Kh1 Nxb3 30. axb3 Kg7 31. d7 Qa1+ 32. Kg2 Bd4 33.
Qd2 Qg1+ 0-1

[Event "Open Master"]
[Site "Montpellier"]
[Date "1999.??.??"]
[Round "4"]
[White "Bergez, Luc"]
[Black "Fontaine, Robert"]
[Result "1/2-1/2"]
[WhiteElo "2373"]
[BlackElo "2408"]
[PlyCount "84"]
[EventDate "1999.07.??"]

1. d4 d5 2. c4 c6 3. Nc3 Nf6 4. e3 e6 5. Bd2 Nbd7 6. Qc2 Bd6 7. c5 Bc7 8. f4 b6
9. b4 a5 10. b5 bxc5 11. bxc6 Nb8 12. Bb5 O-O 13. Nf3 Qd6 14. Ne5 {} 14...
cxd4 15. exd4 Bb6 16. Qd3 Ne4 17. Nxe4 dxe4 18. Qxe4 Bxd4 19. Rc1 Na6 20. c7
Nxc7 21. Rxc7 Qxc7 22. Qxd4 Bb7 23. O-O Rfd8 24. Nd7 Rxd7 25. Bxd7 Rd8 26. Bc3
e5 27. Qxe5 Qxe5 28. fxe5 Rxd7 29. Bxa5 h5 30. Rb1 Bc6 31. Rb2 Rd5 32. Bc7 Rd4
33. h3 Kh7 34. Kf2 Bd5 35. Bd6 Kg6 36. Ke3 Ra4 37. a3 Kf5 38. Rf2+ Ke6 39. Bf8
Kxe5 40. Bxg7+ Ke6 41. Bf8 Ra8 42. Bb4 Rg8 1/2-1/2

[Event "Open Master"]
[Site "Montpellier"]
[Date "1999.??.??"]
[Round "4"]
[White "Lezcano, Pedro"]
[Black "Flear, Glenn"]
[Result "1/2-1/2"]
[WhiteElo "2399"]
[BlackElo "2555"]
[PlyCount "44"]
[EventDate "1999.07.??"]

1. d4 d5 2. c4 dxc4 3. Nf3 Nf6 4. e3 e6 5. Bxc4 c5 6. O-O a6 7. b3 Nc6 8. Bb2
cxd4 9. Nxd4 Bd7 10. Nd2 Be7 11. Rc1 O-O 12. Qc2 Rc8 13. Qb1 Qa5 14. Rfd1 Rfd8
15. Be2 Nxd4 16. Bxd4 Rxc1 17. Qxc1 Qxa2 18. Qc7 b5 19. Bxf6 gxf6 20. Bh5 Kf8
21. Nf1 Ke8 22. Qg3 Kf8 1/2-1/2

[Event "Open Master"]
[Site "Montpellier"]
[Date "1999.??.??"]
[Round "4"]
[White "Lupu, Mircea-Sergiu"]
[Black "Nezar, Mustapha"]
[Result "1-0"]
[WhiteElo "2489"]
[BlackElo "2296"]
[PlyCount "109"]
[EventDate "1999.07.??"]

1. d4 d5 2. Nf3 c6 3. Bf4 Bf5 4. e3 Nf6 5. Be2 h6 6. O-O e6 7. c4 Nbd7 8. Nc3
Be7 9. a3 O-O 10. h3 dxc4 11. Bxc4 c5 12. dxc5 Nxc5 13. Nd4 Bg6 14. Qe2 Nce4
15. Nxe4 Bxe4 16. Rfd1 Qb6 17. Nb5 Rfd8 18. Rxd8+ Qxd8 19. Rd1 Qb6 20. Be5 a6
21. Nc3 Bc6 22. b4 Rc8 23. Bb3 Rd8 24. Rc1 Nd7 25. Bd4 Qc7 26. Ne4 e5 27. Bb2
Nf6 28. Nc5 Qd6 29. Qc4 Bd5 30. Qc3 Bxb3 31. Nxb7 Qd5 32. Nxd8 Bxd8 33. Qxe5
Kh7 34. Rc8 Qd7 35. Qb8 Be7 36. Rh8+ Kg6 37. Qg3+ Kf5 38. Qf4+ Kg6 39. e4 Nh5
40. Qf5+ Qxf5 41. exf5+ Kg5 42. Bc1+ Kxf5 43. g4+ Kg6 44. gxh5+ Kxh5 45. Rc8
Ba4 46. Bb2 Kg6 47. Ra8 Bb5 48. a4 Bd3 49. Rb8 f6 50. Bd4 Kf5 51. Bc5 Bxc5 52.
bxc5 Ke6 53. c6 Kd6 54. Rd8+ Kxc6 55. Rxd3 1-0

[Event "Open Master"]
[Site "Montpellier"]
[Date "1999.??.??"]
[Round "4"]
[White "Magerramov, Elmar"]
[Black "Handke, Florian"]
[Result "1-0"]
[WhiteElo "2567"]
[BlackElo "2361"]
[PlyCount "31"]
[EventDate "1999.07.??"]

1. d4 Nf6 2. Nf3 e6 3. e3 c5 4. Bd3 b6 5. O-O Bb7 6. c4 Be7 7. Nc3 d5 8. cxd5
exd5 9. Bb5+ Nbd7 10. dxc5 Bxc5 11. b3 O-O 12. Bb2 a6 13. Bxd7 Qxd7 14. Na4
14... Ne4 $2 {} 15. b4 $1 15... Bxb4 16. Qd4 1-0

[Event "Open Master"]
[Site "Montpellier"]
[Date "1999.??.??"]
[Round "4"]
[White "Rotstein, Arkadij"]
[Black "Maes, Wim"]
[Result "1/2-1/2"]
[WhiteElo "2460"]
[BlackElo "2265"]
[PlyCount "84"]
[EventDate "1999.07.??"]

1. b3 Nf6 2. Bb2 d6 3. g3 g6 4. Bg2 Bg7 5. d4 c5 6. d5 O-O 7. Nf3 Nbd7 8. O-O
Rb8 9. a4 b6 10. Na3 a6 11. Nc4 Bb7 12. Ne1 Ra8 13. e4 b5 14. Na3 b4 15. Nc4 a5
16. f4 Nb6 17. Nxb6 Qxb6 18. e5 Nd7 19. Nf3 Qc7 20. Re1 Nb6 21. exd6 exd6 22.
Bxg7 Kxg7 23. Nh4 Rae8 24. Qd2 Qd8 25. c4 Nd7 26. Nf3 Rxe1+ 27. Rxe1 Re8 28.
Rxe8 Qxe8 29. Qb2+ Nf6 30. Kf2 Qe7 31. Nd2 Bc8 32. h3 h5 33. Ne4 Bf5 34. Ng5
Kg8 35. Bf3 Bd7 36. Qe2 Nh7 37. Nxh7 Kxh7 38. Kg2 Bf5 39. g4 hxg4 40. hxg4 Be4
41. Qf2 Bxf3+ 42. Kxf3 Qf6 1/2-1/2

[Event "Open Master"]
[Site "Montpellier"]
[Date "1999.??.??"]
[Round "4"]
[White "Santo-Roman, Marc"]
[Black "Etchegaray, Patrice"]
[Result "1-0"]
[WhiteElo "2400"]
[BlackElo "2371"]
[PlyCount "73"]
[EventDate "1999.07.??"]

1. e4 c5 2. Nf3 d6 3. d4 cxd4 4. Nxd4 Nf6 5. Nc3 g6 6. Be3 Bg7 7. f3 Nc6 8. Qd2
O-O 9. Bc4 Bd7 10. O-O-O Qa5 11. Bb3 Rfc8 12. Kb1 Ne5 13. Bh6 Bxh6 14. Qxh6
Rxc3 15. bxc3 Rc8 16. h4 Qb6 17. h5 a5 18. a4 Nxh5 19. g4 Nf6 20. g5 Nh5 21.
Rxh5 gxh5 22. Rh1 Rxc3 23. Qxh5 Rxb3+ 24. Nxb3 Ng6 25. Qxh7+ Kf8 26. Qh6+ Kg8
27. Qh7+ Kf8 28. Qh6+ Kg8 29. f4 Bxa4 30. Qh3 Bxb3 31. cxb3 Qb4 32. f5 Qxe4+
33. Ka2 Qe2+ 34. Ka3 Qf2 35. fxg6 Qc5+ 36. Ka2 Qf2+ 37. Ka1 1-0

[Event "Open Master"]
[Site "Montpellier"]
[Date "1999.??.??"]
[Round "5"]
[White "Andurand, Philippe"]
[Black "Poesson, Thierry"]
[Result "1-0"]
[WhiteElo "1970"]
[BlackElo "2110"]
[PlyCount "63"]
[EventDate "1999.07.??"]

1. e4 c5 2. Nf3 Nc6 3. g3 g6 4. Bg2 Bg7 5. O-O d6 6. Re1 e5 7. c3 Nge7 8. Na3
O-O 9. d3 h6 10. Nc2 Qc7 11. Be3 b6 12. d4 Bd7 13. Qd2 Kh7 14. Rad1 Rad8 15.
Nh4 g5 16. Nf3 16... f5 {} 17. Bxg5 hxg5 18. Qxg5 Bh6 19. Qh5 Rg8 20. Bh3 Be8
21. Bxf5+ Nxf5 22. Qxf5+ Bg6 23. Ng5+ Bxg5 24. Qxg5 Rdf8 25. dxc5 dxc5 26. Ne3
Qf7 27. Ng4 Rg7 28. Rd6 Ne7 29. Qh4+ Bh5 30. Rh6+ Kg8 31. Rxh5 Ng6 32. Nh6+ 1-0

[Event "Open Master"]
[Site "Montpellier"]
[Date "1999.??.??"]
[Round "5"]
[White "Daurelle, Herve"]
[Black "Bergez, Luc"]
[Result "0-1"]
[WhiteElo "2230"]
[BlackElo "2373"]
[PlyCount "56"]
[EventDate "1999.07.??"]

1. e4 d5 2. exd5 Nf6 3. c4 e6 4. dxe6 Bxe6 5. Nf3 Qe7 6. Qe2 Nc6 7. d4 O-O-O 8.
Be3 Bg4 9. d5 Ne4 10. a3 Ne5 11. h3 Bh5 12. g4 Bg6 13. Nxe5 Qxe5 14. Bg2 Bd6
15. Nd2 Qxb2 16. O-O Nc5 17. Rab1 Bxb1 18. Rxb1 Qxa3 19. Bxc5 Qxc5 20. Rb5 Qd4
21. c5 Rhe8 22. Ne4 Bxc5 23. d6 c6 24. d7+ Rxd7 25. Nd6+ Rxd6 26. Qxe8+ Rd8 27.
Qxf7 Qd1+ 28. Bf1 cxb5 0-1

[Event "Open Master"]
[Site "Montpellier"]
[Date "1999.??.??"]
[Round "5"]
[White "Degraeve, Jean-Marc"]
[Black "Lupu, Mircea-Sergiu"]
[Result "1/2-1/2"]
[WhiteElo "2542"]
[BlackElo "2489"]
[PlyCount "91"]
[EventDate "1999.07.??"]

1. e4 e6 2. d4 d5 3. e5 c5 4. c3 Nc6 5. Nf3 Bd7 6. Be2 Nge7 7. O-O Nf5 8. Bd3
cxd4 9. Bxf5 exf5 10. cxd4 Be6 11. Nc3 Be7 12. Ne1 O-O 13. Ne2 Qb6 14. Kh1 Rfc8
15. Rb1 Qa6 16. Nc2 Qxa2 17. Bd2 Qb3 18. Bc3 a5 19. f4 Nb4 20. Ne3 Qxd1 21.
Rfxd1 h5 22. g3 Nc6 23. h3 Bb4 24. g4 hxg4 25. hxg4 Ne7 26. Bxb4 axb4 27. Ng3
g6 28. gxf5 Nxf5 29. Ngxf5 Bxf5 30. Nxf5 gxf5 31. Rg1+ Kf8 32. Rg5 Ke7 33. Rxf5
Rc2 34. Rf6 Ra6 35. Rxa6 bxa6 36. Ra1 Rxb2 37. Rxa6 Rd2 38. Rb6 Rxd4 39. f5 Re4
40. Rb7+ Ke8 41. e6 fxe6 42. fxe6 Rxe6 43. Kg2 Rf6 44. Rxb4 Kd7 45. Ra4 Kc7 46.
Ra5 1/2-1/2

[Event "Open Master"]
[Site "Montpellier"]
[Date "1999.??.??"]
[Round "5"]
[White "Derieux, Christian"]
[Black "Lezcano, Pedro"]
[Result "0-1"]
[WhiteElo "2285"]
[BlackElo "2399"]
[PlyCount "52"]
[EventDate "1999.07.??"]

1. d4 Nf6 2. c4 c5 3. d5 b5 4. cxb5 a6 5. bxa6 g6 6. Nc3 Bxa6 7. f4 Bg7 8. Nf3
d6 9. e4 Bxf1 10. Rxf1 Qb6 11. e5 dxe5 12. fxe5 Ng4 13. e6 f5 14. h3 Nf6 15.
Rf2 O-O 16. Be3 Na6 17. Qd2 Rfd8 18. Bh6 Nb4 19. Bxg7 Kxg7 20. Nh4 Nbxd5 21.
Qg5 Nxc3 22. bxc3 Ne4 23. Qxe7+ Kh8 24. Nxg6+ hxg6 25. Rf4 Ra7 26. Qh4+ Rh7 0-1

[Event "Open Master"]
[Site "Montpellier"]
[Date "1999.??.??"]
[Round "5"]
[White "Flear, Glenn"]
[Black "Santo-Roman, Marc"]
[Result "1/2-1/2"]
[WhiteElo "2555"]
[BlackElo "2400"]
[PlyCount "52"]
[EventDate "1999.07.??"]

1. d4 f5 2. g3 Nf6 3. Bg2 g6 4. Nf3 Bg7 5. O-O O-O 6. c4 d6 7. Nc3 Nc6 8. d5
Na5 9. Qd3 c5 10. Bd2 a6 11. Rac1 Rb8 12. b3 b5 13. Nd1 Ne4 14. Be1 e5 15. dxe6
Bxe6 16. Ne3 bxc4 17. bxc4 Nc6 18. Nd5 Rb2 19. Rc2 Qb8 20. Bd2 Rxc2 21. Qxc2
Nb4 22. Bxb4 cxb4 23. Qd3 Kh8 24. Nd4 Bxd5 25. cxd5 Nc5 26. Qc4 a5 1/2-1/2

[Event "Open Master"]
[Site "Montpellier"]
[Date "1999.??.??"]
[Round "5"]
[White "Fontaine, Robert"]
[Black "Sarthou, Gaetan"]
[Result "1/2-1/2"]
[WhiteElo "2408"]
[BlackElo "2290"]
[PlyCount "84"]
[EventDate "1999.07.??"]

1. e4 c5 2. Nf3 Nc6 3. d4 cxd4 4. Nxd4 Nf6 5. Nc3 e5 6. Ndb5 d6 7. Bg5 a6 8.
Na3 b5 9. Bxf6 gxf6 10. Nd5 Bg7 11. Bd3 Ne7 12. Nxe7 Qxe7 13. O-O O-O 14. c4 f5
15. Qf3 bxc4 16. Nxc4 d5 17. exd5 e4 18. Qe3 Bb7 19. Rfd1 Bxd5 20. Nb6 Rad8 21.
Nxd5 Rxd5 22. Bxa6 Rxd1+ 23. Rxd1 Bxb2 24. Bc4 Rd8 25. Rxd8+ Qxd8 26. g3 Qd1+
27. Kg2 Bc1 28. Bb3 Bxe3 29. Bxd1 Bb6 30. Bc2 Kg7 31. f3 exf3+ 32. Kxf3 Kf6 33.
Bb3 h6 34. a4 Bc7 35. h3 Bb6 36. Bc4 Bc7 37. g4 fxg4+ 38. Kxg4 Ba5 39. Kh5 Bd2
40. Bb3 Kg7 41. Kg4 Kf6 42. Kf3 Kg6 1/2-1/2

[Event "Open Master"]
[Site "Montpellier"]
[Date "1999.??.??"]
[Round "5"]
[White "Handke, Florian"]
[Black "Tresch, Ralph"]
[Result "1-0"]
[WhiteElo "2361"]
[BlackElo "2120"]
[PlyCount "23"]
[EventDate "1999.07.??"]

1. d4 d5 2. c4 c6 3. Nc3 Nf6 4. e3 e6 5. Nf3 Nbd7 6. Bd3 a6 7. e4 dxc4 8. Bxc4
c5 9. e5 Ng4 10. Ng5 {} 10... Ndxe5 $4 11. dxe5 Qxd1+ 12. Nxd1 1-0